| 000 | 01328nam a2200361Ia 4500 | ||
|---|---|---|---|
| 001 | ebr10567037 | ||
| 003 | CaPaEBR | ||
| 006 | m u | ||
| 007 | cr cn||||||||| | ||
| 008 | 030128s2002 enk sb 001 0 eng d | ||
| 010 | _z 2003268313 | ||
| 020 | _z0761949879 | ||
| 020 | _z9780761949886 | ||
| 020 | _z9781446264263 | ||
| 040 |
_aCaPaEBR _cCaPaEBR |
||
| 035 | _a(OCoLC)649377198 | ||
| 050 | 1 | 4 |
_aHM1271 _b.R43 2002eb |
| 245 | 0 | 0 |
_aRecognition and difference _h[electronic resource] / _cedited by Scott Lash and Mike Featherstone. |
| 260 |
_aLondon ; _aThousand Oaks : _bSAGE, _c2002. |
||
| 300 | _a282 p. | ||
| 490 | 1 | _aTheory, culture & society | |
| 504 | _aIncludes bibliographical references and index. | ||
| 533 |
_aElectronic reproduction. _bPalo Alto, Calif. : _cebrary, _d2011. _nAvailable via World Wide Web. _nAccess may be limited to ebrary affiliated libraries. |
||
| 650 | 0 | _aIdentity (Psychology) | |
| 650 | 0 | _aMulticulturalism. | |
| 650 | 0 | _aPolitical sociology. | |
| 655 | 7 |
_aElectronic books. _2local |
|
| 700 | 1 | _aFeatherstone, Mike. | |
| 700 | 1 | _aLash, Scott. | |
| 710 | 2 | _aebrary, Inc. | |
| 830 | 0 | _aTheory, culture & society (Unnumbered) | |
| 856 | 4 | 0 |
_uhttp://site.ebrary.com/lib/rucke/Doc?id=10567037 _zAn electronic book accessible through the World Wide Web; click to view |
| 999 |
_c200403 _d200403 |
||